Responses for Show #7217 - Tuesday, January 19, 2016

WE ASKED: News anchor John Berman.

Contestants

[<< previous game]

Kyle Webb, a veterinary clinical pathologist originally from Boyertown, Pennsylvania

Matt Egbert, a marketing specialist from New York, New York

Hans Kamm, a supply chain analyst from Fayetteville, Arkansas

[next game >>]

Jeopardy! Round responses

THE BRIDGES OF OTHER COUNTIES
LITERATURE
INTERNATIONAL ACRONYMS
NFL NICKNAMES
STRAIGHT OUTTA COMPOST
I NEED MY "SPACE"
    $200 15
the Brooklyn Bridge

Kyle
    $200 17
pickpocketing

Kyle
    $200 18
Market

Triple Stumper
    $200 1
(Alex: Hans, you won the toss, so you pick first.)

Big Ben

Hans
    $200 11
coffee

Kyle
    $200 6
[Alex adds the word "here" to the end of the clue.]

double-space

Kyle
    $400 16
people (or humans)

Kyle
    $400 23
(Alex: We have a minute left now.)

the United Nations Security Council

Kyle
    $400 2
Refrigerator

Matt
    $400 19
chewing gum

Matt
    $400 7
backspace

Triple Stumper
    $600 27
West Virginia

Matt
    $600 12
Emily Dickinson

Hans
    $600 3
Broadway Joe

Matt
    $600 20
a jack-o-lantern

Kyle
    $600 8
crawlspace

Kyle
    $800 26
Marin

Matt
    $800 13
Rudyard Kipling

Matt
    $800 28
(Hans: What is East Asian?)
[The end-of-round signal sounds.]

Southeast Asian

HansKyle
    $800 4
(Matt: What is Showtime?)

Prime Time

HansMatt
    $800 21
(Alex: And with a Richebourg, it is natural.)

cork

Triple Stumper
    $800 9
cyberspace

Hans
    $1000 25
(Frank) Gehry

Hans
    $1,000 14
(Matt: [Sighs] I don't know.)
(Alex: Nothing? Say--)
(Matt: No.)

The Decameron

Matt
    $1000 24
(Matt: What are Concealed Weapons?)

Chemical Weapons

Matt
Triple Stumper
    $1000 5
(Matt: Who is Annie?)
(Alex: No.)
(Matt: Who is Little--)
(Kyle: Who is Little Orphan Annie?)

Bambi

MattKyle
Triple Stumper
    $1000 22
feathers

Triple Stumper
    $1000 10
(Matt: What is space case?)

a space cadet

HansMatt

Scores at the first commercial break (after clue 14):

Hans Matt Kyle
$3,400 -$2,000 $0

Scores at the end of the Jeopardy! Round:

Hans Matt Kyle
$3,600 -$1,200 $2,600

Double Jeopardy! Round responses

EARLY START
MOVIE ROLE, TV ROLE
CROSSWORD PUNS
THE ANNALS OF FASHION
JAPANESE HISTORY
I NEED MY SPACE
(Alex: But not the same category as in the first round.)
    $400 25
simultaneous

Triple Stumper
    $400 1
Kevin Bacon

Kyle
    $400 6
tea

Matt
    $400 9
a watch

Kyle
    $400 8
light-years

Kyle
    $800 24
Shirley Temple

Kyle
    $800 2
Zooey Deschanel

Kyle
    $800 7
poker

Triple Stumper
    $800 10
Fruit of the Loom

Matt
    $800 14
(Hans: What is Pioneer?)

Voyager

HansMatt
    $1200 21
Mozart

Matt
    $1200 3
Rachel McAdams

Kyle
    $1200 16
nod

Kyle
    $1200 11
(Hans: What is mismatched?)
(Alex: Say it again?)
(Hans: Mismatched?)
[Originally ruled incorrect; reversed before the Daily Double at clue 22 because "in the world of fashion, miss match" is "two words"]

mix and match (or mis match)

Hans
    $1200 15
Libra

Kyle
    $4,000 22
(Alex: Less than a minute now.)

Picasso

Matt
    $1600 4
Laurence Fishburne

Matt
    $1600 17
limousine

Hans
    $1600 12
(Kyle: Who is Mamie Eisenhower?)

Lynda Bird Johnson

Kyle
Triple Stumper
    $1600 18
comet

Matt
    $2000 23
Pascal

Kyle
    $2000 5
George Segal

Triple Stumper
    $2000 20
putting

Triple Stumper
    $2000 13
horse

Triple Stumper
    $2000 26
[The end-of-round signal sounds.]

the Liberal Democratic Party

Triple Stumper
    $2000 19
Andromeda

Kyle

Scores at the end of the Double Jeopardy! Round:

Hans Matt Kyle
$5,600 $9,200 $11,400

[wagering suggestions for these scores]

Final Jeopardy! Round responses

U.S. STATES
(Alex: [To Kyle] No, it's where the Missouri and the Mississippi meet, just north of St. Louis, and the two states are [*].)
HansWhat is New York and New Jersey
$1,401
MattWhat are New York + New Jersey
$9,200
KyleWhat are Louisiana + Texas?
$7,001
Missouri & Illinois

Final scores:

Hans Matt Kyle
$4,199 $0 $4,399
2nd place: $2,000 3rd place: $1,000 New champion: $4,399

Game dynamics:

Coryat scores:

Hans Matt Kyle
$5,600 $7,800 $11,400
8 R,
2 W
13 R
(including 1 DD),
5 W
(including 1 DD)
19 R,
2 W

Combined Coryat: $24,800

[game clues] [game scores] [suggest correction]

Game tape date: 2015-12-14
The J! Archive is created by fans, for fans. Scraping, republication, monetization, and malicious use prohibited; this site may use cookies and collect identifying information. See terms. The Jeopardy! game show and all elements thereof, including but not limited to copyright and trademark thereto, are the property of Jeopardy Productions, Inc. and are protected under law. This website is not affiliated with, sponsored by, or operated by Jeopardy Productions, Inc. Join the discussion at JBoard.tv.